|
|
|
|
| LEADER |
00000nam0a2200000 4500 |
| 001 |
135153 |
| 005 |
20231031135952.0 |
| 010 |
|
|
|a 9785769548116
|
| 035 |
|
|
|a (RuTPU)RU\TPU\book\146482
|
| 035 |
|
|
|a RU\TPU\book\109931
|
| 090 |
|
|
|a 135153
|
| 100 |
|
|
|a 20060918d2008 m y0rusy50 ca
|
| 101 |
0 |
|
|a rus
|
| 102 |
|
|
|a RU
|
| 105 |
|
|
|a a j 001zy
|
| 200 |
1 |
|
|a Газовые сети и установки
|e учебное пособие
|f В. А. Жила, М. А. Ушаков, О. Н. Брюханов
|
| 205 |
|
|
|a 5-е изд., стер.
|
| 210 |
|
|
|a Москва
|c Академия
|d 2008
|
| 215 |
|
|
|a 269 с.
|c ил.
|
| 225 |
1 |
|
|a Среднее профессиональное образование. Строительство и архитектура
|
| 320 |
|
|
|a Библиогр.: с. 265-266.
|
| 330 |
|
|
|a Изложены основные требования, предъявляемые при монтаже и эксплуатации систем газоснабжения. Рассмотрено основное газоиспользующее оборудование, а также агрегаты и устройства, обеспечивающие безопасную эксплуатацию систем газоснабжения. Для студентов средних профессиональных учебных заведений.
|
| 451 |
|
1 |
|0 (RuTPU)RU\TPU\book\109931
|y 5-7695-2379-4
|t Газовые сети и установки
|o учебное пособие
|f В. А. Жила, М. А. Ушаков, О. Н. Брюханов
|e 2-е изд., стер.
|c М.
|n Академия
|d 2005
|p 269 с.
|s Среднее профессиональное образование. Строительство и архитектура
|a Жила, Виктор Андреевич
|
| 610 |
1 |
|
|a газовое топливо
|
| 610 |
1 |
|
|a газовые сети
|
| 610 |
1 |
|
|a проектирование
|
| 610 |
1 |
|
|a газорегуляторные установки
|
| 610 |
1 |
|
|a газорегуляторные пункты
|
| 610 |
1 |
|
|a технологическое оборудование
|
| 610 |
1 |
|
|a расчет
|
| 610 |
1 |
|
|a устройство
|
| 610 |
1 |
|
|a внутреннее газовое оборудование
|
| 610 |
1 |
|
|a газовые горелки
|
| 610 |
1 |
|
|a промышленные предприятия
|
| 610 |
1 |
|
|a коммунальные предприятия
|
| 610 |
1 |
|
|a коммунально-бытовые предприятия
|
| 610 |
1 |
|
|a газонаполнительные станции
|
| 610 |
1 |
|
|a баллонные установки
|
| 610 |
1 |
|
|a резервуарные установки
|
| 610 |
1 |
|
|a сжиженные газы
|
| 610 |
1 |
|
|a газопроводы
|
| 610 |
1 |
|
|a защита от коррозии
|
| 610 |
1 |
|
|a коррозия
|
| 610 |
1 |
|
|a города
|
| 610 |
1 |
|
|a газоснабжение
|
| 610 |
1 |
|
|a учебные пособия
|
| 610 |
1 |
|
|a газоснабжение
|
| 610 |
1 |
|
|a газ
|
| 675 |
|
|
|a 696.2(075.32)
|v 3
|
| 700 |
|
1 |
|a Жила
|b В. А.
|g Виктор Андреевич
|
| 701 |
|
1 |
|a Ушаков
|b М. А.
|g Максим Александрович
|
| 701 |
|
1 |
|a Брюханов
|b О. Н.
|g Олег Николаевич
|
| 801 |
|
1 |
|a RU
|b 63413507
|c 20080408
|g PSBO
|
| 801 |
|
2 |
|a RU
|b 63413507
|c 20151008
|g PSBO
|
| 900 |
|
|
|a Газоснабжение промпредприятий
|
| 942 |
|
|
|c BK
|
| 959 |
|
|
|a 39/20080403
|d 2
|e 284,80
|f АНЛ:1
|f ЧЗТЛ:1
|